| 000 | 00918cam a2200313 a 4500 | ||
|---|---|---|---|
| 001 | 109102 | ||
| 005 | 20230410103901.0 | ||
| 008 | 100923s2010 enkab b 001 0 eng | ||
| 035 | _a16473989 | ||
| 925 | 0 |
_aacquire _b2 shelf copies _xpolicy default |
|
| 942 |
_2lcc _cbk |
||
| 010 | _a 2010513248 | ||
| 020 | _a9780415424363 (hardcover) | ||
| 020 | _a9780415424387 (pbk.) | ||
| 040 |
_aDLC _cDLC |
||
| 042 | _apcc | ||
| 043 |
_aa-is--- _aaw----- |
||
| 050 | 1 | 4 |
_a416 DS 119.76 _bB833i 2010 |
| 082 | 0 | 0 |
_a956.05 _223 |
| 100 | 1 | _aBregman, Ahron. | |
| 245 | 1 | 0 |
_aIsrael's wars : _ba history since 1947 / _cAhron Bregman. |
| 250 | _a3rd ed. | ||
| 260 |
_aLondon ; _aNew York : _bRoutledge, _c2010. |
||
| 300 |
_axvii, 337 p. : _bill., maps ; _c21 cm. |
||
| 504 | _aIncludes bibliographical references and index. | ||
| 650 | 0 | _aArab-Israeli conflict. | |
| 650 | 4 | _aConflicto árabe-israelí. | |
| 946 | _aYSL | ||
| 999 |
_c27702 _d27702 |
||